[Event "4NCL Online Division 2"]
[Site "online"]
[Date "2021.03.23"]
[EventDate "2021.03.23"]
[Round "5.113"]
[White "Allison, Conrad"]
[WhiteElo "1912"]
[WhiteTeam "Kent KJCA Kestrels C"]
[Black "Parsons, Robert"]
[BlackElo "1699"]
[BlackTeam "Hatch End A"]
[Result "1-0"]
[PlyCount "95"]

1. e4 e5 2. Nf3 Nc6 3. Bc4 Be7 4. d4 exd4 5. c3 d6 6. cxd4 Nf6 7. Nc3 O-O 8. O-O Bg4 9. Re1 Bxf3 10. gxf3 Qd7 11. Kh1 Qh3 12. Rg1 Rad8 13. Be3 Rfe8 14. Rg3 Qd7 15. Qg1 Bf8 16. Bg5 Nh5 17. Rg4 Be7 18. Nd5 Bxg5 19. Rxg5 Qh3 20. Rxh5 Qxf3+ 21. Qg2 Qxg2+ 22. Kxg2 Rxe4 23. Bd3 Rxd4 24. Bxh7+ Kf8 25. Bc2 Kg8 26. Rd1 Rxd1 27. Bxd1 g6 28. Rh4 Ne5 29. Rb4 c6 30. Ne7+ Kf8 31. Rxb7 Re8 32. Nxg6+ Nxg6 33. Rxa7 Re7 34. Rxe7 Kxe7 35. a4 Nf4+ 36. Kf3 Nd3 37. b3 Nb4 38. h4 Kf6 39. h5 Kg5 40. Ke4 f5+ 41. Kd4 Kh6 42. Kc4 Nd5 43. Bf3 Nb6+ 44. Kb4 d5 45. a5 Nd7 46. a6 c5+ 47. Kb5 d4 48. a7 {[W: 0:16:15; B: 0:00:17]} 1-0

[Event "4NCL Online Division 2"]
[Site "online"]
[Date "2021.03.23"]
[EventDate "2021.03.23"]
[Round "5.114"]
[White "Irani, Cherag"]
[WhiteElo "1675"]
[WhiteTeam "Hatch End A"]
[Black "Cook, John"]
[BlackElo "1768"]
[BlackTeam "Kent KJCA Kestrels C"]
[Result "1/2-1/2"]
[PlyCount "84"]

1. d4 Nf6 2. Nf3 g6 3. c4 Bg7 4. Nc3 d5 5. cxd5 Nxd5 6. e4 Nxc3 7. bxc3 O-O 8. Bc4 c5 9. O-O Nc6 10. Be3 Bg4 11. h3 Bxf3 12. Qxf3 cxd4 13. cxd4 Nxd4 14. Bxd4 Qxd4 15. Bd5 Qxa1 16. Rxa1 Bxa1 17. h4 Rab8 18. h5 e6 19. Bb3 Rfc8 20. hxg6 hxg6 21. Qf4 b5 22. e5 Rc5 23. Qb4 Rbc8 24. f4 a6 25. g4 Rc1+ 26. Kg2 Bc3 27. Qd6 a5 28. Bxe6 Bb4 29. Bxf7+ Kxf7 30. Qf6+ Ke8 31. Qxg6+ Kd8 32. Qb6+ Ke7 33. Qf6+ Ke8 34. Qe6+ Be7 35. Qg6+ Kd8 36. Qb6+ R8c7 37. Qxa5 Rc2+ 38. Kf3 Kc8 39. Qa6+ Kd8 40. Qa5 Kc8 41. Qa6+ Kd8 42. Qa5 Kc8 {[W: 0:03:19; B: 0:03:57]} 1/2-1/2

[Event "4NCL Online Division 2"]
[Site "online"]
[Date "2021.03.23"]
[EventDate "2021.03.23"]
[Round "5.121"]
[White "Vidruska, Renate"]
[WhiteTitle "WFM"]
[WhiteElo "2079"]
[WhiteTeam "Catford Cosmonauts 2"]
[Black "Keane, Graham D J"]
[BlackElo "2122"]
[BlackTeam "Streatham A"]
[Result "1/2-1/2"]
[PlyCount "34"]

1. e4 d6 2. d4 Nf6 3. Nc3 g6 4. Be3 c6 5. Qd2 Nbd7 6. Nf3 Bg7 7. Bh6 O-O 8. Bxg7 Kxg7 9. h4 h5 10. O-O-O Qa5 11. Kb1 b5 12. Bd3 e5 13. dxe5 dxe5 14. Ng5 Nc5 15. f3 Be6 16. g4 Rh8 17. Qf2 Qb6 {[W: 0:17:47; B: 0:16:04]} 1/2-1/2

[Event "4NCL Online Division 2"]
[Site "online"]
[Date "2021.03.23"]
[EventDate "2021.03.23"]
[Round "5.122"]
[White "Hodgson, John H"]
[WhiteElo "2080"]
[WhiteTeam "Streatham A"]
[Black "Allen, John P"]
[BlackElo "1954"]
[BlackTeam "Catford Cosmonauts 2"]
[Result "1-0"]
[PlyCount "111"]

1. e4 c5 2. Nf3 Nc6 3. d4 cxd4 4. Nxd4 e5 5. Nb5 d6 6. N1c3 a6 7. Na3 b5 8. Nd5 Nce7 9. c4 Nxd5 10. exd5 bxc4 11. Nxc4 Be7 12. Be3 Rb8 13. Be2 Nf6 14. a4 O-O 15. O-O Bb7 16. Nb6 Nd7 17. a5 f5 18. Rc1 f4 19. Bg4 Nxb6 20. Bxb6 Qe8 21. Bc7 Ra8 22. Qe2 Bxd5 23. Rfd1 Qf7 24. f3 Be6 25. Bxd6 Bxg4 26. fxg4 Bxd6 27. Rxd6 f3 28. gxf3 Qxf3 29. Qxf3 Rxf3 30. Re1 Rf4 31. h3 e4 32. Re6 Kf7 33. R6xe4 Rxe4 34. Rxe4 Rc8 35. Kf2 Rc2+ 36. Re2 Rc5 37. b4 Rc3 38. Re3 Rc2+ 39. Kf3 Rb2 40. Re4 Rb3+ 41. Kf4 Rxh3 42. Rc4 Rb3 43. Ke5 Kg6 44. Kd5 Kg5 45. Kc5 Re3 46. Kb6 Re6+ 47. Rc6 Re4 48. Kc5 Kxg4 49. Rxa6 h5 50. b5 h4 51. b6 Re1 52. b7 Re5+ 53. Kd6 Re8 54. Ra8 Rb8 55. Rxb8 h3 56. Rh8 {[W: 0:03:07; B: 0:01:19]} 1-0

[Event "4NCL Online Division 2"]
[Site "online"]
[Date "2021.03.23"]
[EventDate "2021.03.23"]
[Round "5.123"]
[White "Wood, Peter R"]
[WhiteElo "1967"]
[WhiteTeam "Catford Cosmonauts 2"]
[Black "Bennett, John M"]
[BlackElo "2022"]
[BlackTeam "Streatham A"]
[Result "1-0"]
[PlyCount "39"]

1. e4 d6 2. Nc3 g6 3. g3 Bg7 4. Bg2 Nf6 5. d3 e5 6. Nge2 c6 7. f4 b5 8. a3 Qb6 9. d4 exd4 10. Qxd4 c5 11. Qd3 c4 12. Qd4 Qc6 13. O-O Bb7 14. Bf3 Qa6 15. e5 Nc6 16. Qe3 dxe5 17. fxe5 Nd7 18. e6 fxe6 19. Qxe6+ Ne7 20. Qxa6 {[W: 0:16:35; B: 0:20:23]} 1-0

[Event "4NCL Online Division 2"]
[Site "online"]
[Date "2021.03.23"]
[EventDate "2021.03.23"]
[Round "5.124"]
[White "Hylands, Liam M"]
[WhiteElo "2070"]
[WhiteTeam "Streatham A"]
[Black "Gluckman, Tim"]
[BlackElo "1949"]
[BlackTeam "Catford Cosmonauts 2"]
[Result "0-1"]
[PlyCount "80"]

1. e4 g6 2. d4 d6 3. Nc3 Bg7 4. Be3 a6 5. Qd2 b5 6. h4 h5 7. Nf3 Bb7 8. Ng5 Nf6 9. f3 Nbd7 10. O-O-O O-O 11. a3 c6 12. g4 a5 13. gxh5 Nxh5 14. f4 b4 15. axb4 axb4 16. Nb1 b3 17. c3 c5 18. d5 Ba6 19. Bxa6 Rxa6 20. f5 Ne5 21. fxg6 fxg6 22. Ne6 Qe8 23. Nxf8 c4 24. Qg2 Kxf8 25. Na3 Nd3+ 26. Rxd3 cxd3 27. Qf1+ Kg8 28. Qxd3 Qa8 29. Nb1 Ra4 30. Rg1 Qe8 31. e5 Kh7 32. exd6 exd6 33. Bg5 Nf4 34. Bxf4 Rxf4 35. h5 Bh6 36. Qxg6+ Qxg6 37. hxg6+ Kg7 38. Kd1 Rf2 39. Na3 Rxb2 40. Nc4 Rb1+ {[W: 0:00:46; B: 0:17:37]} 0-1

[Event "4NCL Online Division 2"]
[Site "online"]
[Date "2021.03.23"]
[EventDate "2021.03.23"]
[Round "5.131"]
[White "Hosdurga, Chirag"]
[WhiteElo "2104"]
[WhiteTeam "The Rook1Es"]
[Black "Willmott, Neil D"]
[BlackElo "1979"]
[BlackTeam "St Albans 1"]
[Result "1/2-1/2"]
[PlyCount "77"]

1. d4 d5 2. c4 c6 3. Nc3 Nf6 4. Nf3 e6 5. Bg5 Be7 6. e3 O-O 7. Bd3 Nbd7 8. O-O Ne8 9. Bf4 h6 10. Rc1 Bd6 11. Ne5 Bxe5 12. dxe5 f5 13. exf6 Ndxf6 14. Qe2 Nd6 15. Rfd1 Qe7 16. Bg3 Bd7 17. b3 Rad8 18. Bh4 Nf7 19. e4 g5 20. Bg3 d4 21. e5 dxc3 22. exf6 Qxf6 23. Qe4 Qg7 24. Bb1 Bc8 25. Rf1 e5 26. Rxc3 Rd4 27. Qg6 Rfd8 28. Re3 Rd1 29. Ree1 R1d2 30. Qxg7+ Kxg7 31. Bxe5+ Nxe5 32. Rxe5 Rb2 33. Re7+ Kf6 34. Rh7 Rdd2 35. Rxh6+ Kf7 36. Rh7+ Kf6 37. Rh6+ Kf7 38. Rh7+ Kf6 39. Rh6+ {[W: 0:12:27; B: 0:07:24]} 1/2-1/2

[Event "4NCL Online Division 2"]
[Site "online"]
[Date "2021.03.23"]
[EventDate "2021.03.23"]
[Round "5.132"]
[White "Millar, Stephen"]
[WhiteElo "1833"]
[WhiteTeam "St Albans 1"]
[Black "Meadows, Michael"]
[BlackElo "2014"]
[BlackTeam "The Rook1Es"]
[Result "0-1"]
[PlyCount "128"]

1. e4 g6 2. d4 Bg7 3. Nf3 d6 4. Bc4 a6 5. a4 b6 6. O-O e6 7. Re1 Ne7 8. c3 Bb7 9. Bb3 Nd7 10. Na3 O-O 11. Nc4 d5 12. exd5 Nxd5 13. Nce5 c5 14. Nxd7 Qxd7 15. dxc5 bxc5 16. Ne5 Qc7 17. Qe2 Rfd8 18. Bd2 f6 19. Ng4 e5 20. Ne3 Kh8 21. Nxd5 Bxd5 22. Bxd5 Rxd5 23. Be3 c4 24. Red1 Rad8 25. Rxd5 Rxd5 26. Rd1 Qc6 27. Rxd5 Qxd5 28. Qd2 Qxd2 29. Bxd2 Kg8 30. Kf1 Kf7 31. Be3 Ke6 32. Bc5 Kd5 33. Bb4 f5 34. Ke2 Bh6 35. Kd1 e4 36. Ke2 Bc1 37. Ba3 f4 38. Kd1 e3 39. f3 Bd2 40. Kc2 Be1 41. Kd1 Bh4 42. Ke2 Bf6 43. g3 g5 44. Bf8 Kc6 45. Bb4 h5 46. gxf4 gxf4 47. Ba3 Kb6 48. Bb4 Bg5 49. Kd1 Kc6 50. Ke2 Bd8 51. Kd1 Kd5 52. Ke2 Ke6 53. Bc5 Kf5 54. Bd6 Bf6 55. Bc5 Be5 56. h3 Kg5 57. Bd4 Bd6 58. Bxe3 fxe3 59. Kxe3 Kh4 60. Kd4 Kxh3 61. Kxc4 Kg3 62. b4 h4 63. b5 axb5+ 64. Kxb5 h3 {[W: 0:01:25; B: 0:02:43]} 0-1

[Event "4NCL Online Division 2"]
[Site "online"]
[Date "2021.03.23"]
[EventDate "2021.03.23"]
[Round "5.133"]
[White "Saunders, Aron"]
[WhiteElo "1894"]
[WhiteTeam "The Rook1Es"]
[Black "Price, Liam C"]
[BlackElo "1679"]
[BlackTeam "St Albans 1"]
[Result "1-0"]
[PlyCount "42"]

1. e4 c5 2. c3 Nc6 3. d4 cxd4 4. cxd4 d6 5. Nf3 Bg4 6. Bb5 a6 7. Ba4 b5 8. Bb3 Nf6 9. Be3 Nxe4 10. Bd5 Qa5+ 11. Kf1 Rc8 12. Bxe4 g6 13. h3 Bd7 14. Nbd2 Bg7 15. Nb3 Qd8 16. Rc1 O-O 17. Qd2 e5 18. d5 Na5 19. Qxa5 Rxc1+ 20. Bxc1 Qxa5 21. Nxa5 Rc8 {[W: 0:34:48; B: 0:14:06]} 1-0

[Event "4NCL Online Division 2"]
[Site "online"]
[Date "2021.03.23"]
[EventDate "2021.03.23"]
[Round "5.134"]
[White "Palmer, James C"]
[WhiteElo "1680"]
[WhiteTeam "St Albans 1"]
[Black "Goodhew, Finn"]
[BlackElo "1713"]
[BlackTeam "The Rook1Es"]
[Result "0-1"]
[PlyCount "26"]

1. e4 e6 2. d4 d5 3. e5 c5 4. c3 Nc6 5. Be3 Qb6 6. Qd2 Bd7 7. Nf3 Rc8 8. Bd3 cxd4 9. cxd4 Nb4 10. O-O Nxd3 11. Qxd3 Bb5 12. Qd1 Bxf1 13. Qxf1 Qxb2 {[W: 0:41:02; B: 0:39:33]} 0-1

[Event "4NCL Online Division 2"]
[Site "online"]
[Date "2021.03.23"]
[EventDate "2021.03.23"]
[Round "5.141"]
[White "Linton, William A"]
[WhiteElo "2008"]
[WhiteTeam "Mushrooms 2"]
[Black "Cole, James"]
[BlackElo "2112"]
[BlackTeam "Oxford 2"]
[Result "0-1"]
[PlyCount "112"]

1. e4 c6 2. d4 d5 3. Nc3 dxe4 4. f3 exf3 5. Nxf3 Nf6 6. Bc4 Bf5 7. O-O e6 8. Ne5 Bg6 9. Bg5 Nbd7 10. Qe2 Nxe5 11. dxe5 Qd4+ 12. Kh1 Bh5 13. Qe1 Nd7 14. Rf4 Qxe5 15. Qh4 h6 16. Qxh5 g6 17. Bxe6 hxg5 18. Bxd7+ Kxd7 19. Re4 Bd6 20. Qg4+ f5 21. Rxe5 fxg4 22. Rxg5 Rxh2+ 23. Kg1 g3 24. Rd1 Rah8 25. Rxd6+ Kxd6 26. Rxg6+ Kc7 27. Rxg3 Rh1+ 28. Kf2 Rc1 29. Rg7+ Kb8 30. Re7 Rxc2+ 31. Re2 Rxe2+ 32. Kxe2 Kc7 33. Ne4 Kd7 34. Kd3 b6 35. Kc3 Ke6 36. a3 Rg8 37. g3 Ke5 38. Kd3 Rg4 39. Nd2 Rxg3+ 40. Kc2 Rg2 41. Kc3 Rxd2 42. Kxd2 Kd4 43. Kc2 a5 44. Kd2 a4 45. Kc2 Kc4 46. Kc1 Kb3 47. Kb1 b5 48. Kc1 c5 49. Kb1 c4 50. Kc1 c3 51. Kb1 Kc4 52. Kc2 cxb2 53. Kxb2 Kd3 54. Kb1 Kc3 55. Ka2 Kc2 56. Ka1 Kb3 {[W: 0:07:32; B: 0:04:51]} 0-1

[Event "4NCL Online Division 2"]
[Site "online"]
[Date "2021.03.23"]
[EventDate "2021.03.23"]
[Round "5.142"]
[White "Tselos, Aristotelis"]
[WhiteElo "2012"]
[WhiteTeam "Oxford 2"]
[Black "Hortin, Matthew J"]
[BlackElo "1951"]
[BlackTeam "Mushrooms 2"]
[Result "0-1"]
[PlyCount "50"]

1. e4 c5 2. Nf3 Nc6 3. d4 cxd4 4. Nxd4 Nf6 5. Nc3 e5 6. Nf3 Bb4 7. Bg5 h6 8. Bh4 Bxc3+ 9. bxc3 Qa5 10. Bxf6 Qxc3+ 11. Nd2 gxf6 12. Bc4 Nd4 13. Rc1 Rg8 14. Qh5 Rg6 15. Qh3 Nxc2+ 16. Kd1 Qxh3 17. gxh3 Nd4 18. Nb3 Nc6 19. Nc5 d6 20. Nd3 Bxh3 21. Bb5 Bd7 22. Kd2 Rc8 23. Rhg1 a6 24. Ba4 b5 25. Bd1 Rxg1 {[W: 0:29:29; B: 0:05:30]} 0-1

[Event "4NCL Online Division 2"]
[Site "online"]
[Date "2021.03.23"]
[EventDate "2021.03.23"]
[Round "5.143"]
[White "Nash, Richard J"]
[WhiteElo "1900"]
[WhiteTeam "Mushrooms 2"]
[Black "Idle, Oscar"]
[BlackElo "1930"]
[BlackTeam "Oxford 2"]
[Result "0-1"]
[PlyCount "70"]

1. d4 d5 2. c4 c6 3. cxd5 cxd5 4. Nc3 Nf6 5. f3 Qb6 6. g4 h6 7. e3 e6 8. Bd3 Nc6 9. f4 Bd7 10. a3 g5 11. Nh3 gxf4 12. Nxf4 Rg8 13. h3 O-O-O 14. b4 Bd6 15. Qf3 Kb8 16. Bd2 Rc8 17. Kf2 Nxd4 18. exd4 Qxd4+ 19. Qe3 Qxe3+ 20. Kxe3 d4+ 21. Kxd4 e5+ 22. Ke3 exf4+ 23. Kf2 h5 24. gxh5 Rg3 25. Bb5 Rcxc3 26. Bxc3 Ne4+ 27. Ke1 Re3+ 28. Kd1 Nxc3+ 29. Kc2 Bxb5 30. Rag1 Ba4+ 31. Kb2 Be5 32. Rg8+ Kc7 33. Rc1 Kb6 34. Rg5 Re2+ 35. Ka1 Ra2# {[W: 0:07:56; B: 0:08:14]} 0-1

[Event "4NCL Online Division 2"]
[Site "online"]
[Date "2021.03.23"]
[EventDate "2021.03.23"]
[Round "5.144"]
[White "Wilson, Edgar"]
[WhiteElo "1947"]
[WhiteTeam "Oxford 2"]
[Black "Joslin, Tim"]
[BlackElo "1858"]
[BlackTeam "Mushrooms 2"]
[Result "1-0"]
[PlyCount "117"]

1. e4 d5 2. exd5 Nf6 3. d4 Bg4 4. Nf3 Qxd5 5. Be2 Nc6 6. c4 Qf5 7. Be3 O-O-O 8. Nbd2 e5 9. d5 Nb4 10. O-O Nc2 11. Rc1 Nxe3 12. fxe3 Bc5 13. Rc3 Qh5 14. Nb3 Bb4 15. Rc1 e4 16. Nfd4 Bd6 17. Bxg4+ Nxg4 18. h3 Nf6 19. Qxh5 Nxh5 20. Rxf7 Rd7 21. Rcf1 Nf6 22. Rxd7 Kxd7 23. Nf5 Be5 24. Nxg7 Bxb2 25. Nd4 Rg8 26. Nge6 Rg6 27. Kh1 Rh6 28. Nc5+ Kc8 29. Kg1 Bxd4 30. exd4 b6 31. Ne6 Kd7 32. Kf2 b5 33. Nc5+ Ke7 34. cxb5 Nxd5 35. Nxe4 Rb6 36. Re1 Kd7 37. Nc5+ Kd8 38. Re5 Nb4 39. Ne6+ Kd7 40. Nc5+ Kd8 41. Rh5 h6 42. a4 Rf6+ 43. Ke3 Nc2+ 44. Ke4 Ne1 45. g4 Ng2 46. Rf5 Rg6 47. Kd3 Ke7 48. Re5+ Kd6 49. Kc4 Nf4 50. Rf5 Nxh3 51. Rd5+ Ke7 52. Rd7+ Ke8 53. Rxc7 Rxg4 54. Rxa7 Ng5 55. b6 Nf3 56. Ne6 Ne5+ 57. Kd5 Nd7 58. Kd6 Nxb6 59. Re7# {[W: 0:00:21; B: 0:02:02]} 1-0

[Event "4NCL Online Division 2"]
[Site "online"]
[Date "2021.03.23"]
[EventDate "2021.03.23"]
[Round "5.151"]
[White "Gardner, James"]
[WhiteElo "2150"]
[WhiteTeam "MK Phoenix 1"]
[Black "Waterfield, John W"]
[BlackElo "1962"]
[BlackTeam "Abergavenny and Friends"]
[Result "1/2-1/2"]
[PlyCount "89"]

1. d4 Nf6 2. c4 c5 3. Nf3 cxd4 4. Nxd4 e5 5. Nc2 d5 6. cxd5 Qxd5 7. Qxd5 Nxd5 8. e4 Nb4 9. Nxb4 Bxb4+ 10. Bd2 Bxd2+ 11. Kxd2 Be6 12. Bb5+ Ke7 13. Nc3 a6 14. Ba4 Rd8+ 15. Ke3 b5 16. Bb3 Bxb3 17. axb3 Nc6 18. Nd5+ Kd6 19. Rhc1 Nd4 20. Rc7 Nxb3 21. Ra3 Nd4 22. Rac3 Rab8 23. Rxf7 Ne6 24. Ne7 Nd4 25. Rxg7 Rd7 26. Rxh7 Rxe7 27. Rxe7 Kxe7 28. Rc7+ Kf6 29. Ra7 Rb6 30. h4 Nc6 31. Ra8 Na5 32. b4 Nc6 33. g4 Nxb4 34. g5+ Kg6 35. Rh8 Kg7 36. Re8 Nc2+ 37. Kd3 Ne1+ 38. Ke2 b4 39. h5 b3 40. h6+ Kg6 41. Rg8+ Kh7 42. Rg7+ Kh8 43. g6 b2 44. Rh7+ Kg8 45. Rg7+ {[W: 0:06:33; B: 0:04:52]} 1/2-1/2

[Event "4NCL Online Division 2"]
[Site "online"]
[Date "2021.03.23"]
[EventDate "2021.03.23"]
[Round "5.152"]
[White "Keene, Alan"]
[WhiteElo "1840"]
[WhiteTeam "Abergavenny and Friends"]
[Black "Tippleston, Charles E"]
[BlackTitle "CM"]
[BlackElo "2105"]
[BlackTeam "MK Phoenix 1"]
[Result "0-1"]
[PlyCount "96"]

1. Nf3 Nf6 2. g3 d5 3. Bg2 c6 4. O-O Bg4 5. d3 Nbd7 6. Nbd2 e6 7. h3 Bh5 8. Re1 Be7 9. c3 O-O 10. Qc2 a5 11. g4 Bg6 12. Nh4 Qb6 13. Nxg6 hxg6 14. e4 dxe4 15. dxe4 Ne5 16. Nf1 Rfd8 17. Be3 Bc5 18. Rad1 Nc4 19. Bxc5 Qxc5 20. Nd2 e5 21. Nb3 Qb6 22. Bf1 Nd6 23. Nd2 Nde8 24. Kg2 Qc5 25. Qb3 b5 26. Qc2 Nc7 27. Nb3 Qe7 28. Rxd8+ Qxd8 29. Rd1 Qe7 30. f3 Ne6 31. Kg3 a4 32. Nc1 Nh7 33. Qf2 Nhf8 34. Nd3 Rd8 35. Be2 Qc7 36. Qg1 g5 37. Nb4 Nf4 38. Qe3 Rxd1 39. Bxd1 Qd7 40. Bc2 N8e6 41. Nd3 f6 42. Kh2 g6 43. Nxf4 Nxf4 44. b3 Qh7 45. Kg1 Qxh3 46. Qf2 Qh7 47. Qh2 Qa7+ 48. Kf1 Qe3 {Time forfeit} {[W: 0:00:41; B: 0:01:30]} 0-1

[Event "4NCL Online Division 2"]
[Site "online"]
[Date "2021.03.23"]
[EventDate "2021.03.23"]
[Round "5.153"]
[White "Freeman, Richard C P"]
[WhiteElo "2094"]
[WhiteTeam "MK Phoenix 1"]
[Black "Allford, Zane"]
[BlackElo "1732"]
[BlackTeam "Abergavenny and Friends"]
[Result "1/2-1/2"]
[PlyCount "86"]

1. d4 Nf6 2. Bg5 g6 3. Bxf6 exf6 4. e3 Bg7 5. g3 O-O 6. Bg2 c6 7. c4 Na6 8. Ne2 Nc7 9. Nbc3 d5 10. cxd5 Nxd5 11. Nxd5 cxd5 12. O-O Be6 13. Qb3 Qd7 14. Rac1 Rac8 15. Rxc8 Rxc8 16. Rc1 Rc6 17. Rxc6 bxc6 18. Nc3 Bf8 19. Na4 Qc7 20. Qc3 f5 21. Nc5 Qb6 22. b4 Bxc5 23. dxc5 Qd8 24. a4 Bd7 25. Bf1 Qb8 26. Qb2 Qf8 27. Qc2 Qe8 28. b5 Qb8 29. Qb3 cxb5 30. axb5 Be6 31. Qc3 Qc7 32. Qb4 Qe7 33. Bg2 Kf8 34. b6 axb6 35. Qxb6 g5 36. c6 Qd6 37. Qb7 f4 38. c7 Qc5 39. Qb8+ Kg7 40. Qb2+ Kg6 41. gxf4 gxf4 42. exf4 Qxc7 43. Qd2 Qc4 {[W: 0:00:23; B: 0:17:25]} 1/2-1/2

[Event "4NCL Online Division 2"]
[Site "online"]
[Date "2021.03.23"]
[EventDate "2021.03.23"]
[Round "5.154"]
[White "Morgans, Justin"]
[WhiteElo "1765"]
[WhiteTeam "Abergavenny and Friends"]
[Black "Friedgood, David"]
[BlackTitle "FM"]
[BlackElo "2057"]
[BlackTeam "MK Phoenix 1"]
[Result "0-1"]
[PlyCount "116"]

1. e4 c5 2. Nf3 Nc6 3. c3 e6 4. Bb5 Qb6 5. Qa4 Nf6 6. O-O Nxe4 7. Bxc6 Qxc6 8. Qxc6 bxc6 9. d3 Nf6 10. Nbd2 Ba6 11. c4 d5 12. b3 Bd6 13. Bb2 d4 14. Rfe1 Nd7 15. Ne4 Be7 16. Ba3 h6 17. g4 O-O-O 18. Rab1 Rde8 19. Re2 g6 20. Ned2 Bd6 21. Ne4 Kc7 22. Nxd6 Kxd6 23. Nxd4 Ne5 24. Rxe5 Kxe5 25. Bxc5 Bb7 26. Re1+ Kf6 27. Ne2 h5 28. h3 hxg4 29. hxg4 Rh3 30. Ng3 Rh4 31. Re4 g5 32. Nh5+ Kg6 33. d4 f5 34. gxf5+ Kxh5 35. Rxe6 Rxe6 36. fxe6 Re4 37. e7 a6 38. Kg2 g4 39. f3 Re2+ 40. Kg3 Bc8 41. fxg4+ Bxg4 42. Kf4 Bd7 43. a3 Kg6 44. d5 Kf7 45. d6 Rb2 46. b4 Rc2 47. Ke5 Rxc4 48. Bb6 Rc3 49. a4 Rc4 50. Ba5 c5 51. Kd5 Rxb4 52. Kxc5 Rxa4 53. Bc7 a5 54. Kb6 Ra1 55. Kc5 a4 56. Ba5 a3 57. Bc3 Rc1 58. Kb4 a2 {[W: 0:01:57; B: 0:09:17]} 0-1

[Event "4NCL Online Division 2"]
[Site "online"]
[Date "2021.03.23"]
[EventDate "2021.03.23"]
[Round "5.161"]
[White "Madden, Paul"]
[WhiteElo "2096"]
[WhiteTeam "Ashfield Anonymous A"]
[Black "Hoffmann, Hendrik"]
[BlackTitle "FM"]
[BlackElo "2392"]
[BlackTeam "Celtic Tigers"]
[Result "1-0"]
[PlyCount "65"]

1. e4 d6 2. d4 Nf6 3. Nc3 g6 4. f4 Bg7 5. Be2 O-O 6. Nf3 c5 7. d5 b5 8. e5 dxe5 9. fxe5 Ng4 10. Bxb5 Nxe5 11. Nxe5 Bxe5 12. Bh6 Bg7 13. Bxg7 Kxg7 14. Qe2 a6 15. Bd3 Qb6 16. O-O-O Ra7 17. Rdf1 a5 18. g4 Ba6 19. h4 c4 20. Bxc4 Rb7 21. Nd1 Rc7 22. Ne3 Rfc8 23. Qf2 Rxc4 24. Nf5+ gxf5 25. Qxb6 Rxc2+ 26. Kb1 f6 27. Qe3 Re2 28. Qg3 f4 29. Rxf4 Rcc2 30. Qb3 Rh2 31. Rxh2 Rxh2 32. Qxb8 Bd3+ 33. Kc1 {[W: 0:05:03; B: 0:14:11]} 1-0

[Event "4NCL Online Division 2"]
[Site "online"]
[Date "2021.03.23"]
[EventDate "2021.03.23"]
[Round "5.162"]
[White "Maciol, Ryszard"]
[WhiteElo "2194"]
[WhiteTeam "Celtic Tigers"]
[Black "Truman, Richard G"]
[BlackElo "1969"]
[BlackTeam "Ashfield Anonymous A"]
[Result "1/2-1/2"]
[PlyCount "122"]

1. d4 Nf6 2. c4 g6 3. Nc3 d5 4. cxd5 Nxd5 5. e4 Nxc3 6. bxc3 Bg7 7. Bc4 c5 8. Ne2 O-O 9. h4 Nc6 10. Be3 cxd4 11. cxd4 Qa5+ 12. Kf1 Qa3 13. Qb3 Qxb3 14. axb3 Rd8 15. e5 e6 16. h5 Nb4 17. Bg5 Rd7 18. Rc1 b6 19. hxg6 hxg6 20. Rh3 Bb7 21. Bd2 Nd5 22. f4 f5 23. Kf2 Kf7 24. Rg1 Rh8 25. Rxh8 Bxh8 26. Ra1 Bc6 27. b4 b5 28. Bd3 Bg7 29. g4 Bf8 30. gxf5 gxf5 31. Rc1 Bxb4 32. Rxc6 Bxd2 33. Bxb5 Bxf4 34. Rc5 Be3+ 35. Kf3 Rb7 36. Bc6 Rb3 37. Bxd5 exd5 38. Rxd5 Bxd4+ 39. Kf4 Bb6 40. Kxf5 Rf3+ 41. Kg4 Re3 42. Nf4 a5 43. Kf5 a4 44. Rd7+ Ke8 45. Rb7 Rb3 46. Ke6 Be3 47. Re7+ Kd8 48. Nd5 a3 49. Rg7 Kc8 50. Rg8+ Kb7 51. Nxe3 Rxe3 52. Rg2 Kc8 53. Kd6 Rd3+ 54. Ke7 Re3 55. Rc2+ Kb7 56. e6 Rb3 57. Kd8 Rb2 58. Rc3 Re2 59. e7 a2 60. Ra3 Rd2+ 61. Ke8 Re2 {[W: 0:05:09; B: 0:03:57]} 1/2-1/2

[Event "4NCL Online Division 2"]
[Site "online"]
[Date "2021.03.23"]
[EventDate "2021.03.23"]
[Round "5.163"]
[White "Garnett, John S"]
[WhiteElo "1918"]
[WhiteTeam "Ashfield Anonymous A"]
[Black "Skulte, Christopher"]
[BlackElo "2147"]
[BlackTeam "Celtic Tigers"]
[Result "1/2-1/2"]
[PlyCount "36"]

1. c4 e5 2. g3 Nf6 3. Bg2 d5 4. cxd5 Nxd5 5. Nf3 Nc6 6. O-O Be6 7. d4 exd4 8. Nxd4 Nxd4 9. Qxd4 c6 10. Rd1 Qb6 11. Qxb6 axb6 12. Bd2 Nb4 13. Nc3 Be7 14. a3 Na6 15. Be3 Bc5 16. Bxc5 Nxc5 17. Ne4 Nxe4 18. Bxe4 Ke7 {[W: 0:37:09; B: 0:28:58]} 1/2-1/2

[Event "4NCL Online Division 2"]
[Site "online"]
[Date "2021.03.23"]
[EventDate "2021.03.23"]
[Round "5.164"]
[White "Quinn, John M"]
[WhiteElo "2214"]
[WhiteTeam "Celtic Tigers"]
[Black "Burke, Steven J"]
[BlackElo "1904"]
[BlackTeam "Ashfield Anonymous A"]
[Result "1-0"]
[PlyCount "165"]

1. d4 d6 2. c4 e5 3. Nc3 exd4 4. Qxd4 Nc6 5. Qd2 Be7 6. e4 Nf6 7. Nf3 h6 8. b3 O-O 9. Bb2 Re8 10. Bd3 Bg4 11. Qe3 Nb4 12. O-O Nd7 13. Bb1 Bxf3 14. Qxf3 Bf6 15. Qd1 Nf8 16. a3 Nc6 17. Ra2 a5 18. Nd5 Bxb2 19. Rxb2 Ne7 20. Ne3 Neg6 21. f4 Rc8 22. Rd2 Qh4 23. g3 Qh3 24. e5 Qd7 25. Bf5 Ne6 26. exd6 cxd6 27. Rxd6 Qc7 28. Bxg6 fxg6 29. Qd5 Qf7 30. Ng4 Rc5 31. Qd3 Qf5 32. Ne5 a4 33. b4 Qxd3 34. Rxd3 Rcc8 35. Nxg6 Rxc4 36. Re1 Nc7 37. Rxe8+ Nxe8 38. Ne5 Rc2 39. Nd7 Nc7 40. Nb6 Nb5 41. Nxa4 Ra2 42. Nc5 Nxa3 43. Nxb7 Nc2 44. b5 Rb2 45. Nd6 Ne1 46. Re3 Nc2 47. Re8+ Kh7 48. Re2 Rb1+ 49. Kf2 Nd4 50. Re5 Rb3 51. Rd5 Rb2+ 52. Ke3 Nc2+ 53. Ke4 Rb3 54. Rc5 Re3+ 55. Kd5 Re2 56. b6 Rd2+ 57. Kc6 Nd4+ 58. Kd7 g6 59. Rd5 Rb2 60. Rxd4 Rxb6 61. Rd2 Kg7 62. Ke6 Ra6 63. Rc2 h5 64. h4 Rb6 65. Rc7+ Kh6 66. Ke5 Ra6 67. Nf7+ Kg7 68. Ng5+ Kg8 69. Ne6 Kh8 70. Kf6 Kg8 71. Rg7+ Kh8 72. Rxg6 Rb6 73. Rh6+ Kg8 74. Rxh5 Ra6 75. Rc5 Rb6 76. g4 Kh7 77. g5 Ra6 78. Rc7+ Kh8 79. g6 Ra8 80. Rd7 Re8 81. Rd8 Rg8 82. Rxg8+ Kxg8 83. g7 {[W: 0:03:17; B: 0:01:08]} 1-0

[Event "4NCL Online Division 3"]
[Site "online"]
[Date "2021.01.26"]
[Round "1.11"]
[White "Dorman, Orla"]
[Black "Hill, Jonathan S"]
[Result "0-1"]
[WhiteElo "1748"]
[BlackElo "1983"]
[PlyCount "144"]
[EventDate "2021.01.26"]
[WhiteTeam "Kent KJCA Kestrels D"]
[BlackTeam "Urmston"]

1. e4 c5 2. Nf3 g6 3. c3 d5 4. exd5 Qxd5 5. Be2 Bg7 6. O-O Nf6 7. d4 O-O 8. Bf4
Nc6 9. dxc5 Qxc5 10. Nbd2 Rd8 11. Qc1 Bf5 12. Nb3 Qb6 13. Nfd4 Nxd4 14. Nxd4
Bg4 15. Be3 Qc7 16. Re1 a6 17. h3 Bxe2 18. Rxe2 Nd5 19. Nf3 Nxe3 20. Qxe3 Rd7
21. Rae1 Rad8 22. Qg5 e6 23. Qe3 Rd3 24. Qe4 R3d5 25. Qe3 Qa5 26. a3 Rd3 27.
Qe4 Qd5 28. Re3 Qxe4 29. Rxe4 R8d5 30. Rc4 Bf6 31. Rb4 b5 32. Rf4 Kg7 33. a4
Rd1 34. Kf1 Rxe1+ 35. Kxe1 Be7 36. Re4 Bd6 37. axb5 axb5 38. Nd4 e5 39. Nb3 f5
40. Re2 Kf6 41. Rc2 Ke6 42. Rc1 g5 43. Ra1 h5 44. Ra8 h4 45. Rh8 Be7 46. Nd2 b4
47. Rh6+ Bf6 48. cxb4 Kf7 49. Rh7+ Bg7 50. Nf3 Kg6 51. Nxg5 Rb5 52. g3 Bf6 53.
Rxh4 Bxg5 54. Rc4 Be7 55. Rc6+ Kf7 56. Kd1 Rxb4 57. Kc2 Re4 58. Kd3 Rb4 59. Kc3
Rd4 60. Rh6 Rd1 61. Rh7+ Ke6 62. Rh6+ Bf6 63. b4 e4+ 64. Kc4 Rd2 65. b5 Rxf2
66. b6 Rb2 67. Kc5 e3 68. g4 e2 69. gxf5+ Kxf5 70. Rh5+ Ke6 71. Rd5 Rc2+ 72.
Kb5 Kxd5 0-1